000 00949nam a2200229Ia 4500
003 Ost
005 20260507075453.0
008 260507s9999||||xx |||||||||||||| ||und||
020 _a23302499579
040 _cfsecg
041 _aara
082 _a657.458
100 _aجمعة، احمد حلمي
_eمؤلف
245 0 _aدليل الطالب في التدقيق :
_b200 سؤال وجواب لأسئلة متعددة الإختيار وإجاباتها النموذجية /
_c احمد حلمي جمعة
260 _aعمان:
_bدار صفاء,
_c2008
300 _a188 صفحة؛
_c24 سم
520 _aعرض هذا الكتاب موضوعاته على شكل أسئلة للمناقشة أو حالات عملية أو مشاكل لمهنة التدقيق
653 _aتدقيق المحاسبي
653 _aمراجعة الحسابات
700 _aالرفاعي، غالب عوض
_eمؤلف ثانوي
942 _cكتاب
999 _c44644
_d44644